A Pragmatic guide to business process modelling.(2nd edition) (Record no. 77011)

MARC details
000 -LEADER
fixed length control field 00824nam a2200181 a 4500
008 - FIXED-LENGTH DATA ELEMENTS--GENERAL INFORMATION
fixed length control field 211130s2009 ||||||||||||||||| || u
020 ## - INTERNATIONAL STANDARD BOOK NUMBER
International Standard Book Number 9781906124120
050 ## - LIBRARY OF CONGRESS CALL NUMBER
Classification number HD 5548.2 Hol
100 ## - MAIN ENTRY--PERSONAL NAME
Personal name Holt, Jon
245 12 - TITLE STATEMENT
Title A Pragmatic guide to business process modelling.(2nd edition)
Statement of responsibility, etc. By Jon Holt
250 ## - EDITION STATEMENT
Edition statement 2nd edition
260 ## - PUBLICATION, DISTRIBUTION, ETC.
Place of publication, distribution, etc. United Kingdom
Name of publisher, distributor, etc. British Computer Society
Date of publication, distribution, etc. 2009
300 ## - PHYSICAL DESCRIPTION
Extent xxxi, 215 pages: illustrations
650 #0 - SUBJECT ADDED ENTRY--TOPICAL TERM
Topical term or geographic name entry element SYSTEM DESIGN
650 ## - SUBJECT ADDED ENTRY--TOPICAL TERM
Topical term or geographic name entry element BUSINESS--DATA PROCESSING
995 ## -
-- MAIN LIBRARY OPEN ACCESS
-- 751257
-- CBU-MAIN LIBRARY (Kitwe)
-- 61.98
-- HD 5548.2 Hol
-- 1
-- AVAILABLE
-- Nov 30, 2021
-- 751257
-- Main Library Open Access Collection
995 ## -
-- MAIN LIBRARY OPEN ACCESS
-- 751494
-- CBU-MAIN LIBRARY (Kitwe)
-- HD 5548.2 Hol
-- AVAILABLE
-- Dec 3, 2021
-- 751494
-- Main Library Open Access Collection
999 ## -
-- 77011
-- 77011
Holdings
Withdrawn status Lost status Source of classification or shelving scheme Damaged status Not for loan Permanent Location Current Location Shelving location Date acquired Total Checkouts Full call number Barcode Date last seen Copy number Price effective from Koha item type
          CBU-MAIN LIBRARY, KITWE. CBU-MAIN LIBRARY, KITWE.   04/25/2023   HD 5548.2 Hol 751257 04/25/2023 1 04/25/2023 MONOGRAPH
          CBU-MAIN LIBRARY, KITWE. CBU-MAIN LIBRARY, KITWE.   04/25/2023   HD 5548.2 Hol 751494 04/25/2023 2 04/25/2023 MONOGRAPH